Statistics for What's cooking?

Click here to take the quiz!

General Stats

  • This quiz has been taken 150 times
  • The average score is 12 of 24

Answer Stats

Answer% Correct
French fries
90%
Cookies
89%
Shrimp
82%
Candy
78%
Oatmeal
76%
Chips
75%
Cotton candy
74%
Raisins
73%
Biscuits
70%
Sardines
58%
Sweets
56%
Porridge
55%
Prawns
55%
Ground beef
47%
Candy floss
45%
Minced steak
25%
Sultanas
24%
Cream puffs
19%
Broad beans
18%
Fairy floss
18%
Lollies
17%
Fava beans
13%
Profiteroles
10%
Pilchards
7%

Score Distribution

Percentile by Number Answered

Percent of People with Each Score

Your Score History

You have not taken this quiz